Statistiques concernant Test de Mémoire à court terme

Cliquez ici pour prendre le quiz!

Statistiques générales

  • Ce quiz a été pris 68 931 fois
  • Le résultat moyen est 9 sur 15

Statistiques - réponses

Mots% Correct
JetPunk
78%
or
75%
Islam
74%
as
72%
France
72%
Jakarta
72%
Liverpool
72%
Singapour
72%
Washington
72%
Allemagne
71%
chat
71%
Vincent
71%
lit
70%
Oxford
69%
Paris
69%
bébé
68%
mère
68%
Chine
67%
Einstein
67%
Eve
67%
fjord
67%
Godzilla
67%
Pauline
67%
Wikipedia
67%
Adam
66%
chien
66%
Emilie
66%
garçon
66%
hippopotame
66%
Japon
66%
Londres
66%
pamplemousse
66%
rat
66%
rose
66%
Russie
66%
Angleterre
65%
Australie
65%
Charles
65%
cheval
65%
clé
65%
Espagne
65%
huer
65%
œil
65%
roi
65%
Afrique
64%
Bordeaux
64%
geisha
64%
Hercule
64%
Hollywood
64%
sel
64%
vert
64%
Barbie
63%
bleu
63%
chiot
63%
cou
63%
eau
63%
fer
63%
goulag
63%
Hollande
63%
Homer
63%
impressionnant
63%
lion
63%
Marie
63%
Mexique
63%
Milan
63%
Nintendo
63%
Norvège
63%
orange
63%
orme
63%
ours
63%
sœur
63%
Viking
63%
cerise
62%
citron
62%
football
62%
fraise
62%
Harvard
62%
kilt
62%
lapin
62%
main
62%
pizza
62%
rouge
62%
Tokyo
62%
blanc
61%
bol
61%
chaton
61%
Est
61%
funk
61%
Goulache
61%
Jupiter
61%
kangourou
61%
Martin
61%
pin
61%
plutonium
61%
président
61%
soie
61%
Texas
61%
abeille
60%
Athènes
60%
banane
60%
Berlin
60%
chèvre
60%
désordonné
60%
Ecosse
60%
guépard
60%
mer
60%
Ouest
60%
requin
60%
scie
60%
thé
60%
Apollon
59%
basketball
59%
chaise
59%
chandail
59%
courrir
59%
doigt
59%
gemme
59%
Jacob
59%
jupe
59%
lasso
59%
maïs
59%
nez
59%
pèche
59%
Sud
59%
trègle
59%
allumeuse
58%
azote
58%
bus
58%
canard
58%
cerf
58%
chou
58%
citrouille
58%
dent
58%
dinde
58%
exode
58%
flux
58%
genou
58%
grenouille
58%
jambe
58%
lait
58%
loup
58%
mur
58%
orteil
58%
oxygène
58%
panda
58%
pantoufle
58%
pied
58%
plage
58%
pomme
58%
porc
58%
Rome
58%
sac
58%
salade
58%
soprano
58%
taper
58%
tigre
58%
araignée
57%
base-ball
57%
céleri
57%
chameau
57%
char
57%
château
57%
chou-fleur
57%
écureuil
57%
forêt
57%
gars
57%
imperméable
57%
jeu
57%
Nord
57%
opale
57%
pois
57%
poulet
57%
pupitre
57%
saphir
57%
vélo
57%
autoroute
56%
bœuf
56%
camion
56%
cap
56%
cochon
56%
dauphin
56%
dragon
56%
enregistrer
56%
fourchette
56%
hindou
56%
jazz
56%
marron
56%
melon
56%
mouton
56%
navet
56%
olive
56%
origan
56%
pluie
56%
polo
56%
porche
56%
ragoût
56%
riche
56%
rugby
56%
serviette
56%
table
56%
taureau
56%
télévision
56%
Troie
56%
vent
56%
acide
55%
aigle
55%
autruche
55%
bateau
55%
buteur
55%
canapé
55%
canapé
55%
carotte
55%
caviar
55%
cent
55%
chène
55%
crème
55%
éléphant
55%
épinard
55%
étain
55%
euro
55%
évier
55%
ferry
55%
Floride
55%
gant
55%
Gémeaux
55%
girafe
55%
hélium
55%
homard
55%
jeans
55%
lac
55%
lèvre
55%
livre
55%
Mars
55%
nuage
55%
oiseau
55%
oncle
55%
poulpe
55%
radis
55%
reine
55%
robe
55%
singe
55%
tennis
55%
toit
55%
tomate
55%
tricycle
55%
vache
55%
verrue
55%
violet
55%
assiette
54%
auto
54%
avocat
54%
cœur
54%
cravatte
54%
cuir
54%
cuisine
54%
danse
54%
doux
54%
hockey
54%
inonder
54%
jardin
54%
javelot
54%
joue
54%
manoir
54%
montagne
54%
nièce
54%
océan
54%
pique
54%
poisson
54%
porte
54%
récréation
54%
rubis
54%
salade
54%
salle
54%
sandale
54%
soucoupe
54%
stylo
54%
sucre
54%
tasse
54%
vampire
54%
arbre
53%
atteindre
53%
aubergine
53%
café
53%
chemise
53%
cheveux
53%
coup
53%
couteau
53%
cuillère
53%
érable
53%
étagère
53%
étang
53%
facile
53%
fourmi
53%
front
53%
garage
53%
gras
53%
hamster
53%
hanche
53%
incendie
53%
mémoire
53%
oignon
53%
pape
53%
piment
53%
plat
53%
prison
53%
renard
53%
salon
53%
sermon
53%
serpent
53%
sorcière
53%
suivre
53%
terre
53%
ventilateur
53%
agresser
52%
centime
52%
chaussure
52%
ciel
52%
colle
52%
couronne
52%
crapaud
52%
faux
52%
fête
52%
film
52%
fleuve
52%
gazon
52%
gymnastique
52%
marteau
52%
menton
52%
molécule
52%
monnaie
52%
navire
52%
neuf
52%
nickel
52%
ordinateur
52%
papier
52%
patate
52%
phoque
52%
poire
52%
rouille
52%
sentir
52%
tapis
52%
vite
52%
zèbre
52%
amer
51%
billard
51%
boîte
51%
bouteille
51%
chanter
51%
chapeau
51%
chaussette
51%
coton
51%
criquet
51%
dessin animé
51%
escargot
51%
estomac
51%
fardeau
51%
foulard
51%
golf
51%
karaté
51%
marcher
51%
mener
51%
mignon
51%
monter
51%
nager
51%
peste
51%
piquant
51%
pont
51%
prince
51%
soda
51%
soleil
51%
sorbet
51%
star
51%
verre
51%
veste
51%
zodiaque
51%
argent
50%
baignoire
50%
bouche
50%
brouillard
50%
casquette
50%
chouette
50%
colline
50%
déchets
50%
dollar
50%
étudier
50%
géomètre
50%
jamais
50%
lampe
50%
manteau
50%
plafond
50%
planer
50%
poivre
50%
prune
50%
radoteur
50%
ressentir
50%
ruisseau
50%
sauter
50%
supporter
50%
tête
50%
toilette
50%
tortue
50%
tour
50%
tricoter
50%
verrou
50%
âme
49%
carbone
49%
chimie
49%
fenêtre
49%
fourrure
49%
gorge
49%
magicien
49%
masse
49%
miroir
49%
mouche
49%
neveu
49%
palais
49%
platine
49%
privé
49%
raisin
49%
rocher
49%
tapis
49%
temps
49%
terrain
49%
tornade
49%
tremper
49%
trône
49%
balle
48%
berger
48%
biscuit
48%
bonnet
48%
botte
48%
chanceux
48%
corbeau
48%
crayon
48%
désert
48%
épaule
48%
général
48%
pâte
48%
pétrole
48%
pleurer
48%
rocher
48%
santé
48%
scorpion
48%
téléphone
48%
toilettes
48%
vider
48%
auteur
47%
ceinture
47%
chariot
47%
étage
47%
fusée
47%
poète
47%
vallée
47%
bizarre
46%
goûter
46%
langue
46%
magie
46%
objectif
46%
retour
46%
ronfler
46%
taille
46%
troupeau
46%
vapeur
46%
baguette
45%
complet
45%
couverture
45%
écouter
45%
fossé
45%
grenier
45%
héros
45%
image
45%
meubles
45%
chimpanzée
44%
espace
44%
fréquent
44%
publique
44%
rideau
44%
risque
44%
stratège
44%
talent
44%
bouffée
43%
coffre
43%
fantôme
43%
mode
43%
oreilles
43%
carreau
42%
correct
42%
génie
42%
normal
42%
escaliers
41%
chorale
39%

Distribution des résultats

Percentile par nombre de réponses

% des personnes avec chaque résultat

Votre développement - résultats

Vous n’avez pas pris ce quiz